Yoga shakti: Awaken your own power (Record no. 396108)

MARC details
000 -LEADER
fixed length control field 00508 a2200205 4500
005 - DATE & TIME
control field 20260226114837.0
008 - FIXED-LENGTH DATA ELEMENTS--GENERAL INFORMATION
fixed length control field 260223b |||||||| |||| 00| 0 eng d
020 ## - ISBN
International Standard Book Number 9789386906441
Price Rs. 495.00
040 ## - CATALOGING SOURCE
Original cataloging agency VIVEKANANDA LIBRARY
082 ## - DDC NUMBER
Classification number 613.7046
Book Number M52Y
100 ## - MAIN ENTRY--PERSONAL NAME
Personal name Menon, Shailaja
245 ## - TITLE STATEMENT
Title Yoga shakti: Awaken your own power
260 ## - PUBLICATION, DISTRIBUTION, ETC. (IMPRINT)
Name of publisher, distributor, etc Niyogi Books
Date of publication, distribution, etc 2018
Place of publication, distribution, etc New Delhi
300 ## - PHYSICAL DESCRIPTION
Pages 179
650 ## - Subject
Subject Asanas
650 ## - Subject
Subject Yoga
650 ## - Subject
Subject Postures- Yoga
700 ## - Added Entry Personal Name
Added Entry Personal Name Tharoor, Shashi
942 ## - ADDED ENTRY ELEMENTS (KOHA)
Koha item type Books
Holdings
Withdrawn status Lost status Source of classification or shelving scheme Damaged status Not for loan Location (home branch) Sublocation or collection (holding branch) Shelving location Date acquired Koha issues (times borrowed) Koha full call number Accession No. Koha date last seen Koha item type
    Dewey Decimal Classification     VIVEKANANDA LIBRARY VIVEKANANDA LIBRARY Vivekananda Library 28/01/2026   613.7046 M52Y 444851 28/01/2026 Books
    Dewey Decimal Classification     VIVEKANANDA LIBRARY VIVEKANANDA LIBRARY Vivekananda Library 28/01/2026   613.7046 M52Y 444850 28/01/2026 Books
© Designed and Maintained by Vivekananda Library, MDU Rohtak